The second bush presidency (Record no. 15056)

000 -LEADER
fixed length control field 01805nmm a2200241 a 4500
001 - CONTROL NUMBER
control field ASINB00AK98FT4
003 - CONTROL NUMBER IDENTIFIER
control field OSt
005 - DATE AND TIME OF LATEST TRANSACTION
control field 20170105102910.0
008 - FIXED-LENGTH DATA ELEMENTS--GENERAL INFORMATION
fixed length control field 131025s2006 xxu eng d
020 ## - INTERNATIONAL STANDARD BOOK NUMBER
International Standard Book Number 8177587951
040 ## - CATALOGING SOURCE
Original cataloging agency a
082 ## - DEWEY DECIMAL CLASSIFICATION NUMBER
Classification number 327.0973
Author Mark OBS 2006
110 0# - MAIN ENTRY--CORPORATE NAME
Corporate name or jurisdiction name as entry element Observer Research Foundation.
245 14 - TITLE STATEMENT
Title The second bush presidency
Remainder of title global perspectives /
Statement of responsibility, etc. Observer Research Foundation, Amit Gupta, Cherian Samuel.
260 ## - PUBLICATION, DISTRIBUTION, ETC.
Place of publication, distribution, etc. [S.l.] :
Name of publisher, distributor, etc. Pearson Education India,
Date of publication, distribution, etc. 2006.
300 ## - PHYSICAL DESCRIPTION
Extent 1 online resource (224 p.)
500 ## - GENERAL NOTE
General note Kindle eBook.
520 ## - SUMMARY, ETC.
Summary, etc. The Second Bush Presidency: Global Perspectives contains nine national perspectives on what a second Bush term portends for the world. Taken on one yardstick, five of the countries chosen (including the US) are members of the Security Council; using another, four are members of the BRIC quartet, emerging economies whose potential is such that they are expected to dominate the world economy in the years to come. All these countries have a difficult job of fashioning their foreign policy responses to the US while keeping in view their own national objectives as well as a host of other factors. The contributors to this book analyse not only the tangible factors but also the various intangibles—the personal equations the leaders of these countries have with their American counterpart as well as domestic equations within the United States to make up a whole that is at once interesting and enlightening. This book attempts to be a modest primer for policy makers in this direction: a must-read for policy makers in every part of the globe.
700 1# - ADDED ENTRY--PERSONAL NAME
Personal name Gupta, Amit.
700 1# - ADDED ENTRY--PERSONAL NAME
Personal name Samuel, Cherian.
856 40 - ELECTRONIC LOCATION AND ACCESS
Materials specified Amazon.com
Uniform Resource Identifier <a href="http://www.amazon.com/exec/obidos/ASIN/B00AK98FT4/chopaconline-20">http://www.amazon.com/exec/obidos/ASIN/B00AK98FT4/chopaconline-20</a>
942 ## - ADDED ENTRY ELEMENTS (KOHA)
Source of classification or shelving scheme
Koha item type Book
Holdings
Withdrawn status Lost status Damaged status Not for loan Collection code Permanent Location Current Location Shelving location Date acquired Total Checkouts Full call number Barcode Date last seen Price effective from Koha item type
          Centre for International Peace & Stability (CIPS) Centre for International Peace & Stability (CIPS) General Stacks 10/01/2013   327.0973 OBS 2006 CIPS0001618 10/25/2013 10/25/2013 Book
© 2023 Central Library, National University of Sciences and Technology. All Rights Reserved.